000 00423nam a2200181Ia 4500
005 20240823055732.0
008 240823s9999||||xx |||||||||||||| ||und||
041 _aTAMIL
082 _A158.1 Q0
100 _aNali Kuppuswami chettiar
245 0 _aVetriyin Varalaaru (saga of Success)
250 _a14th
260 _c2010
_bBrain
500 _aYES
650 _aTamil Book
_bGeneral
942 _cBK
999 _c229485
_d229485